000 00199nam a2200085Ia 4500
008 120527s9999 xx 000 0 und d
100 _aSEYE, Ogunyemi
245 _aA better Africa to come
942 _cBK
999 _c25331
_d25331